Sports Quiz

Random Sports Quiz

Expansion Senators' Opening Day Lineups Quiz Stats

 Plays Quiz not verified by Sporcle

Challenge
Share
Tweet
Embed
Score 0/110 Timer 08:00
0 Plays Today
Year Player % Correct
1969Ted Williams
100%
1970Ted Williams
100%
1971Ted Williams
100%
1965Frank Howard
92.9%
1966Frank Howard
92.9%
1967Frank Howard
92.9%
1968Frank Howard
92.9%
1969Frank Howard
92.9%
1970Frank Howard
92.9%
1971Frank Howard
92.9%
1963Ed Brinkman
67.9%
1964Ed Brinkman
67.9%
1965Ed Brinkman
67.9%
1966Ed Brinkman
67.9%
1967Ed Brinkman
67.9%
1968Paul Casanova
67.9%
1969Paul Casanova
67.9%
1969Ed Brinkman
67.9%
1970Paul Casanova
67.9%
1970Ed Brinkman
67.9%
1971Paul Casanova
67.9%
1962Bob Johnson
64.3%
1964Gil Hodges
60.7%
1965Gil Hodges
60.7%
1966Gil Hodges
60.7%
1967Gil Hodges
60.7%
1967Bernie Allen
60.7%
1968Camilo Pascual
60.7%
1968Del Unser
60.7%
1969Camilo Pascual
60.7%
1969Del Unser
60.7%
1970Dick Bosman
60.7%
1970Del Unser
60.7%
1970Hank Allen
60.7%
1971Dick Bosman
60.7%
1971Del Unser
60.7%
1968Mike Epstein
57.1%
Year Player % Correct
1969Mike Epstein
57.1%
1970Mike Epstein
57.1%
1971Mike Epstein
57.1%
1964Claude Osteen
50%
1971Toby Harrah
50%
1961Mickey Vernon
46.4%
1962Mickey Vernon
46.4%
1963Mickey Vernon
46.4%
1963Tom Brown
46.4%
1968Jim Lemon
46.4%
1969Tim Cullen
46.4%
1971Tim Cullen
46.4%
1964John Kennedy
42.9%
1965Ken McMullen
42.9%
1966Ken McMullen
42.9%
1967Ken McMullen
42.9%
1968Ken McMullen
42.9%
1969Ken McMullen
42.9%
1970Ken McMullen
42.9%
1962Chuck Hinton
39.3%
1963Chuck Hinton
39.3%
1964Don Blasingame
39.3%
1964Chuck Hinton
39.3%
1964Jim King
39.3%
1965Don Blasingame
39.3%
1970Dave Nelson
39.3%
1963Don Lock
35.7%
1964Don Lock
35.7%
1965Don Lock
35.7%
1966Don Lock
35.7%
1966Fred Valentine
32.1%
1967Dick Nen
32.1%
1967Fred Valentine
32.1%
1968Ron Hansen
32.1%
1968Fred Valentine
32.1%
1971Curt Flood
32.1%
1965Phil Ortega
28.6%
Year Player % Correct
1965Bob Chance
28.6%
1961Dale Long
25%
1962Bennie Daniels
25%
1962Dale Long
25%
1965Mike Brumley
25%
1966Pete Richert
25%
1966Joe Cunningham
25%
1967Pete Richert
25%
1969Ed Stroud
25%
1961Gene Woodling
21.4%
1963Minnie Minoso
21.4%
1964Moose Skowron
21.4%
1965Willie Kirkland
21.4%
1966Ken Hamlin
21.4%
1962Bob Schmidt
17.9%
1962Jimmy Piersall
17.9%
1964Ken Retzer
17.9%
1971Joe Foy
17.9%
1961Dick Donovan
14.3%
1961Coot Veal
14.3%
1961Willie Tasby
14.3%
1962Chuck Cottier
14.3%
1962Willie Tasby
14.3%
1963Don Rudolph
14.3%
1963Don Leppert
14.3%
1961Pete Daley
10.7%
1961Danny O'Connell
10.7%
1962Danny O'Connell
10.7%
1963Bobo Osborne
10.7%
1967Cap Peterson
10.7%
1968Frank Coggins
10.7%
1961Billy Klaus
7.1%
1961Marty Keough
7.1%
1963Marv Breeding
7.1%
1966Doug Camilli
7.1%
1967Doug Camilli
7.1%

You're not logged in!

Compare scores with friends on all Sporcle quizzes.
OR
Log In

You Might Also Like...

Show Comments

Extras

Created Mar 18, 2012SourceReportNominate
Tags:expansion, player, senator

Top Quizzes Today


Score Distribution

Your Account Isn't Verified!

In order to create a playlist on Sporcle, you need to verify the email address you used during registration. Go to your Sporcle Settings to finish the process.

Report this User

Report this user for behavior that violates our Community Guidelines.

Details: